LEADER 01065nam a2200253 i 4500 001 000000041646 003 CaOOAMICUS 005 20090410000000.0 008 090410s1932 it u000 u ita u 013 $a12816 040 $aSeMil$bita 100 1 $aChesterton, Gilbert Keith,$d<1874-1936>.$0(OLS)http://semarc/name/15565 245 12$aL'ortodossia /$cGilbert Chesterton Keith ; Traduzione dall'inglese e prefazione di Raffaello Ferruzzi. 250 $a2. ed. riveduta. 260 $aBrescia :$bMorcelliana,$c1932. 300 $aXI, 269 p. ;$c20 cm. 490 0 $aIl pensiero cattolico moderno ;$v5 650 4$aOrtodossia - Dottrina.$0(OLS)http://semarc/subject/8856 700 1 $aFerruzzi, Raffaello.$0(OLS)http://semarc/name/20517 830 3$aIl pensiero cattolico moderno ;$v5.$0(OLS)http://semarc/title/13953 850 $aSeMil 852 $aSeMil$W1$xVenegono$y1$m2A I 108$j7801$B7801$CSeMilBibl$Z2$F7801 $81 996 $6245$aL'ortodossia$9(OLS)http://semarc/title/60388 996 $6260$aBrescia :$bMorcelliana$9(OLS)http://semarc/publisher/29629 LEADER 01149nam a2200265 i 4500 001 000000116838 003 CaOOAMICUS 005 20030630000000.0 008 030630s1997 it u000 u ita u 013 $a89527 040 $aSeMil$bita 100 1 $aFossati, Giuseppe.$0(OLS)http://semarc/name/39378 245 10$aStoria di una conversione :$bil «Testamento spirituale» di San Leonardo Murialdo /$cGiuseppe Fossati. 260 $aRoma :$bMurialdo,$c1997. 300 $aV, 118 p. :$bill. ;$c21 cm. 490 0 $aFor-Per. Nuova serie ;$v1 500 $aContiene : Appendice ; Bibliografia. - Fondo Card. C.M. Martini. 650 4$aLeonardo : Murialdo .$0(OLS)http://semarc/subject/5133 830 0$aFor-Per. Nuova serie ;$v1.$0(OLS)http://semarc/title/12721 850 $aSeMil 852 $aSeMil$W1$xVenegono$y1$m3H IV 79$j72243$B72243$CSeMilBibl$Z2$F103180 $81 941 1 $a4 961 $aOmaggio: Martini Card. Carlo Maria 996 $6245$aStoria di una conversione :$bil «Testamento spirituale» di San Leonardo Murialdo$9(OLS)http://semarc/title/171374 996 $6260$aRoma :$bMurialdo$9(OLS)http://semarc/publisher/32621